|
|
|
|
| LEADER |
00000nas a2200000 a 4500 |
| 001 |
ssj0009139 |
| 003 |
WaSeSS |
| 005 |
20200512172242.0 |
| 006 |
m d |
| 007 |
cr n |
| 008 |
050614d19472018ilumn pss | a0eng c |
| 010 |
|
|
|a 2008201940
|
| 022 |
|
|
|a 1943-5134
|l 0041-3674
|y 0041-3674
|
| 035 |
|
|
|a (WaSeSS)ssj0009139
|
| 037 |
|
|
|b American Hospital Association, 29th Floor, Chicago, IL 60606
|
| 040 |
|
|
|a OCLCS
|b eng
|c OCLCS
|d DLC
|d OCLCQ
|d OCLCE
|d OCLCQ
|d OCLCF
|d OCLCO
|d OCLCQ
|d Z5A
|d OCLCO
|d OCLCA
|d APUMS
|d U3W
|d OCLCO
|d AU@
|d OCLCO
|d WYU
|d OCLCO
|d NLM
|d OCLCA
|d VT2
|d WaSeSS
|
| 042 |
|
|
|a pcc
|a nsdp
|
| 043 |
|
|
|a n-us---
|
| 050 |
1 |
4 |
|a RA960
|
| 060 |
|
4 |
|a W1
|b TR985
|
| 082 |
1 |
0 |
|a 362
|2 14
|
| 130 |
0 |
|
|a Trustee (Online)
|
| 222 |
|
0 |
|a Trustee
|b (Online)
|
| 245 |
1 |
0 |
|a Trustee
|h [electronic resource].
|
| 260 |
|
|
|a [Chicago] :
|b [Published by American Hospital Pub. for the American Hospital Association]
|
| 310 |
|
|
|a Monthly (except for combined issues in July/Aug. and Nov./Dec.),
|b <July/Aug. 2003->
|
| 362 |
1 |
|
|a Print began with v. 1 in Oct. 1947; ceased with June 2018.
|
| 500 |
|
|
|a "Journal for hospital governing boards."
|
| 506 |
|
|
|a License restrictions may limit access.
|
| 538 |
|
|
|a Mode of access: World Wide Web.
|
| 588 |
|
|
|a Description based on print version record.
|
| 588 |
|
|
|a Latest issue consulted: July 2008 (publisher's Web site, viewed July 24, 2008).
|
| 650 |
|
0 |
|a Hospital trustees
|v Periodicals.
|
| 650 |
|
0 |
|a Hospital trustees
|z United States
|v Periodicals.
|
| 650 |
|
7 |
|a Hospital trustees.
|2 fast
|0 (OCoLC)fst00961073
|
| 650 |
|
2 |
|a Maintenance and Engineering, Hospital.
|
| 651 |
|
7 |
|a United States.
|2 fast
|0 (OCoLC)fst01204155
|
| 655 |
|
0 |
|a Electronic journals.
|
| 710 |
2 |
|
|a American Hospital Association.
|
| 776 |
1 |
|
|t Trustee
|x 0041-3674
|w (DLC) 53033095
|w (OCoLC)1681272
|
| 856 |
4 |
0 |
|z Full text available from Research Library: 01/01/1988 to 06/30/2018
|u https://search.proquest.com/publication/34729
|